|
|
|
|
| LEADER |
01097nam a2200277 a 4500 |
| 001 |
598584 |
| 008 |
091124s1991 nyu b 001 0 eng d |
| 010 |
|
|
|a 91027768
|
| 020 |
|
|
|a 0333546202
|
| 020 |
|
|
|a 0333546210
|
| 020 |
|
|
|a 0312071868
|
| 020 |
|
|
|a 031207185X (pbk.)
|
| 040 |
|
|
|a DLC
|c DLC
|d DLC
|
| 082 |
0 |
0 |
|a 338.9
|2 20
|
| 100 |
1 |
|
|a Oman, Charles.
|
| 245 |
1 |
4 |
|a The postwar evolution of development thinking /
|c Charles P. Oman and Ganeshan Wignaraja.
|
| 260 |
|
|
|a New York :
|b St.Martin's Press,
|b Macmillan in association with the OECD Development Centre,
|c 1991.
|
| 300 |
|
|
|a xv, 272 p. ;
|c 23 cm.
|
| 504 |
|
|
|a Includes bibliographical references (p. 236-263) and index.
|
| 541 |
1 |
|
|e 00007612
|
| 650 |
|
0 |
|a Economic development.
|
| 650 |
|
0 |
|a Dependency.
|
| 700 |
1 |
|
|a Wignaraja, Ganeshan,
|d 1962-
|
| 852 |
4 |
|
|a Ayesha Abed Library
|j General Shelf
|
| 999 |
|
|
|c 5960
|d 5960
|
| 952 |
|
|
|0 0
|1 0
|2 ddc
|4 0
|6 338_900000000000000_OMA_1991
|7 0
|9 5944
|a BRACUL
|b BRACUL
|c GEN
|d 2009-12-06
|g 0.00
|l 6
|m 27
|o 338.9 OMA
|p 3010007612
|r 2026-01-03
|s 2025-12-01
|t 1
|w 2009-12-06
|y BK
|x No price found in the accession register.
|